Computer Organization (Record no. 1350)

MARC details
000 -LEADER
fixed length control field 00414nam a2200181Ia 4500
008 - FIXED-LENGTH DATA ELEMENTS--GENERAL INFORMATION
fixed length control field 221030s9999 xx 000 0 und d
020 ## - INTERNATIONAL STANDARD BOOK NUMBER
ISBN 0071204113
041 ## - LANGUAGE CODE
Language code of text/sound track or separate title
082 ## - DEWEY DECIMAL CLASSIFICATION NUMBER
Classification number 105.23
Item number Ham
100 ## - MAIN ENTRY--AUTHOR NAME
Personal name C. Hamacher
245 #0 - TITLE STATEMENT
Title Computer Organization
250 ## - EDITION STATEMENT
Edition statement 5th
260 ## - PUBLICATION, DISTRIBUTION, ETC. (IMPRINT)
Name of publisher McGraw-Hill Pub.
Place of publication New Delhi
Year of publication 2002
300 ## - PHYSICAL DESCRIPTION
Number of Pages 805
650 ## - SUBJECT ADDED ENTRY--TOPICAL TERM
Topical Term Computers
700 ## - ADDED ENTRY--PERSONAL NAME
Personal name Z. Vranesic
942 ## - ADDED ENTRY ELEMENTS (KOHA)
Koha item type Books
Holdings
Accession Number Cost, normal purchase price Full call number Price effective from Koha item type Withdrawn / writtenoff status Materials specified (bound volume or other part) Damaged status Not for loan Permanent Location Current Location Shelving location Date acquired Lost/ Missing status department
M 214 5.50 105.23 Ham 10/30/2022 Books   Print     MIET Library, Jammu MIET Library, Jammu BL-Academic Block-b, FL-2, CUP-122, SH-4, R-4 05/08/2004   MCA
M 215 5.50 105.23 Ham 10/30/2022 Books   Print     MIET Library, Jammu MIET Library, Jammu BL-Academic Block- B, FL-2, CUP-81, SH-1, R-1 05/08/2004   MCA
BB 195 278.00 105.23 10/30/2022 Books   Print     MIET Library, Jammu MIET Library, Jammu BL-Second, FL-1, CUP-104, SH-5, R-5 05/04/2007   BB
BE 7020 274.00 105.23 Ham 10/30/2022 Books   Print     MIET Library, Jammu MIET Library, Jammu BL-Academic Block C, FL-2, CUP-105, SH-1, R-1 08/19/2003   BE